Catálogo
 En Linea

Biblioteca y epistolario de Hernán Núñez de Guzmán : (Registro nro. 39347)

Detalles MARC
000 -CABECERA
campo de control de longitud fija 00829nam a2200193 a 4500
001 - NÚMERO DE CONTROL
campo de control 000039857
005 - FECHA Y HORA DE LA ÚLTIMA TRANSACCIÓN
campo de control 20201002033755.0
008 - DATOS DE LONGITUD FIJA--INFORMACIÓN GENERAL
campo de control de longitud fija 130725s2001 sp 001 0 spa d
020 ## - NÚMERO INTERNACIONAL ESTÁNDAR DEL LIBRO
Número Internacional Estándar del Libro 8400079213
040 ## - FUENTE DE LA CATALOGACIÓN
Centro catalogador/agencia de origen DO-SdBNP
Lengua de catalogación spa
Centro/agencia transcriptor BNPHU
100 1# - ENTRADA PRINCIPAL--NOMBRE DE PERSONA
Nombre de persona Signes Codoñer,Juan
9 (RLIN) 66054
245 10 - MENCIÓN DE TÍTULO
Título Biblioteca y epistolario de Hernán Núñez de Guzmán :
Resto del título (El Pinciano) : una aproximación al humanismo español del siglo 16 /
Mención de responsabilidad, etc. Juan Signes Codoñer, Carmen Codoñer Merino, Arantxa Domingo Malvadi.
260 ## - PUBLICACIÓN, DISTRIBUCIÓN, ETC.
Lugar de publicación, distribución, etc. Madrid :
Nombre del editor, distribuidor, etc. Consejo Superior de Investigaciones Científicas,
Fecha de publicación, distribución, etc. 2001.
300 ## - DESCRIPCIÓN FÍSICA
Extensión 558 p. :
Otras características físicas il. ;
Dimensiones 26 cm.
504 ## - NOTA DE BIBLIOGRAFÍA, ETC.
Nota de bibliografía, etc. Incluye referencias bibliográficas y notas al pie de las páginas
504 ## - NOTA DE BIBLIOGRAFÍA, ETC.
Nota de bibliografía, etc. Bibliografía : p.
Número de referencias 527-532
700 1# - PUNTO DE ACCESO ADICIONAL--NOMBRE DE PERSONA
Nombre de persona Codoñer Merino, Carmen
9 (RLIN) 66055
700 1# - PUNTO DE ACCESO ADICIONAL--NOMBRE DE PERSONA
Nombre de persona Domingo Malvadi, Arantxa
9 (RLIN) 66056
Existencias
Estado de retiro Estado de pérdida Restricciones de uso No para préstamo Código de colección Localización permanente Ubicación/localización actual Ubicación en estantería Fecha de adquisición Número de inventario Total de préstamos Signatura topográfica completa Código de barras Fecha visto por última vez Precio válido a partir de Tipo de ítem Koha
        Monografías: Libros y Folletos General General Orden iniciada 25.07.2013 LF1   39857-10 25.06.2020 25.06.2020 No se presta

Con tecnología Koha